00383nam a22001337a 4500008004100000040005500041080001500096245002900111260004500140300001100185650001200196653001800208700002300226230616b |||||||| |||| 00| 0 eng d aNational Science LibrarycNational Science Library a621.74bJ8 aModern foundry practice  aNew York: bAsia Publising House, c1943 a464p.  aFoundry aOrganisation  aHoward, E D (Ed.)